Elements of the Periodic table that starts with N - Statistics

General Stats
  • This quiz has been taken 79 times
  • The average score is 5 of 8
Answer Stats
Answer % Correct
Nitrogen
90%
Nickel
81%
Neon
77%
Nihonium
60%
Nobelium
54%
Neptunium
50%
Niobium
50%
Neodymium
44%
No matching quizzes found
Score Distribution
Percent of People with Each Score
Percentile by Number Answered
Your Score History
You have not taken this quiz